Vista normal
Vista MARC
Entrada Término temático
Número de registros utilizados en: 42
001 - NÚMERO DE CONTROL
- campo de control: 207474
003 - IDENTIFICADOR DEL NÚMERO DE CONTROL
- campo de control: CO-MdUADB
005 - FECHA Y HORA DE LA ÚLTIMA TRANSACCIÓN
- campo de control: 20231201090752.0
008 - DATOS DE LONGITUD FIJA
- campo de control de longitud fija: 230418nn azznnbabn a ana d
040 ## - FUENTE DE LA CATALOGACIÓN
- Centro catalogador/agencia de origen: CO-MdUADB
- Centro/agencia transcriptor: CO-MdUADB
- Lengua de catalogación: spa
- Normas de descripción: rda
- Convención/Normas de encabezamiento de materia/tesauro: embne
150 ## - ENCABEZAMIENTO--TÉRMINO DE MATERIA
- Término de materia o nombre geográfico como elemento de entrada: Agua potable
- Subdivisión general: Aspectos sanitarios
450 ## - TRAZADO DE VÉASE--TÉRMINO DE MATERIA
- Término de materia o nombre geográfico como elemento de entrada: Drinking water
- Subdivisión general: Health aspects
450 ## - TRAZADO DE VÉASE--TÉRMINO DE MATERIA
- Término de materia o nombre geográfico como elemento de entrada: Agua y salud

